[Event "Czech Open Rapid 2019"]
[Site "Pardubice"]
[Date "2019.07.17"]
[Round "2.31"]
[White "Yakimenko, Alexander A."]
[Black "Zwardon, Vojtech"]
[Result "0-1"]
[WhiteElo "2010"]
[BlackElo "2492"]
[Annotator "ChessBase"]
[PlyCount "182"]
[EventDate "2019.07.17"]
[EventType "swiss"]
[EventCountry "CZE"]
[SourceTitle "playchess.com"]
[Source "ChessBase"]
[SourceQuality "1"]

1. e4 c5 2. Nf3 Nc6 3. Bb5 g6 4. O-O Bg7 5. Re1 e5 6. c3 Nge7 7. Na3 O-O 8. Nc4 d6 9. d3 h6 10. Ne3 a6 11. Bc4 Kh7 12. a4 Rb8 13. Bd2 Be6 14. b4 cxb4 15. cxb4 d5 16. Bb3 b5 17. axb5 axb5 18. Qc2 d4 19. Nd5 Nxd5 20. Qxc6 Rc8 21. Qa6 Nc7 22. Qa2 Bg4 23. Bd1 Ra8 24. Qb2 Rxa1 25. Qxa1 Qd6 26. h3 Ra8 27. Qb2 Be6 28. Bb3 Bxb3 29. Qxb3 Qe6 30. Qc2 Ne8 31. Rc1 Ra3 32. Qc8 Qe7 33. Ne1 Ra2 34. Rc2 Nd6 35. Qc5 Ra1 36. Rc1 Ra7 37. Qd5 f5 38. Rc6 Rd7 39. exf5 gxf5 40. Qc5 e4 41. Bf4 exd3 42. Nxd3 Qe4 43. Ne5 Bxe5 44. Qxe5 Qxe5 45. Bxe5 d3 46. Rc1 Ne4 47. Kf1 Nd2+ 48. Kg1 Nb3 49. Rd1 d2 50. Kf1 Kg6 51. Ke2 Nc1+ 52. Kf1 Nb3 53. Ke2 Re7 54. f4 Re8 55. Rb1 Rd8 56. Kd1 Nd4 57. Rb2 Nc6 58. Bc3 Rd3 59. Bxd2 Nd4 60. Ke1 Kf6 61. Ra2 Ke6 62. Bc1 Rb3 63. Bd2 Kd5 64. Ra6 h5 65. Rh6 Ke4 66. Rxh5 Kd3 67. g4 Rb1+ 68. Kf2 Kxd2 69. gxf5 Rb3 70. f6 Rf3+ 71. Kg2 Rxf4 72. Rd5 Kc3 73. Rd6 Kxb4 74. Kg3 Ne2+ 75. Kg2 Kc5 76. Re6 Nd4 77. Ra6 Nc6 78. Kg3 Rxf6 79. h4 b4 80. h5 b3 81. Ra1 Ne5 82. Ra5+ Kd4 83. Rb5 Rf3+ 84. Kh4 Nf7 85. Kg4 Rd3 86. Rb7 Ne5+ 87. Kf5 Rf3+ 88. Kg5 Kc3 89. Rb5 b2 90. h6 Rf7 91. Kh5 Rf5+ 0-1

[Event "Czech Open Rapid 2019"]
[Site "Pardubice"]
[Date "2019.07.17"]
[Round "2.31"]
[White "BROZKA JUN, Karel"]
[Black "Lymar, Vladislav"]
[Result "1/2-1/2"]
[WhiteElo "1709"]
[BlackElo "2024"]
[Annotator "NA"]
[PlyCount "26"]
[EventDate "2019.07.17"]
[EventType "swiss"]
[EventCountry "CZE"]
[SourceTitle "playchess.com"]
[Source "ChessBase"]
[SourceQuality "1"]

1. d4 Nf6 2. Nf3 e6 3. Bf4 b5 4. e3 b4 5. Bd3 Bb7 6. c3 c5 7. Nbd2 bxc3 8. bxc3 Nd5 9. Bxb8 Rxb8 10. c4 Nf6 11. O-O Be7 12. Qc2 O-O 13. Rab1 Qc7 1/2-1/2

[Event "Czech Open Rapid 2019"]
[Site "Pardubice"]
[Date "2019.07.17"]
[Round "2.32"]
[White "Sahidi, Samir"]
[Black "Chrz, Pavel"]
[Result "1-0"]
[WhiteElo "2381"]
[BlackElo "2008"]
[Annotator "NA"]
[PlyCount "87"]
[EventDate "2019.07.17"]
[EventType "swiss"]
[EventCountry "CZE"]
[SourceTitle "playchess.com"]
[Source "ChessBase"]
[SourceQuality "1"]

1. d4 d5 2. c4 e6 3. Nc3 c5 4. cxd5 cxd4 5. Qxd4 Nc6 6. Qd2 exd5 7. Qxd5 Bd7 8. Nf3 Nf6 9. Qb3 Bc5 10. Bg5 h6 11. Bxf6 Qxf6 12. e3 O-O-O 13. Rc1 Kb8 14. Ne4 Bb4+ 15. Qxb4 Nxb4 16. Nxf6 gxf6 17. a3 Nc6 18. Bb5 Rhg8 19. g3 Ne5 20. Nxe5 Bxb5 21. Nc4 Rc8 22. b3 Rg4 23. f4 Bxc4 24. Rxc4 Rxc4 25. bxc4 Kc7 26. Ke2 Kc6 27. Rd1 h5 28. Kf3 Rg8 29. Rd5 a6 30. Rxh5 b5 31. cxb5+ axb5 32. Rf5 Ra8 33. Rxf6+ Kc5 34. Rxf7 Rxa3 35. h4 b4 36. Rb7 Ra6 37. Rc7+ Kd6 38. Rc1 Kd5 39. g4 b3 40. h5 Rc6 41. Rb1 Kc4 42. g5 Rb6 43. h6 Kd3 44. h7 1-0

[Event "Czech Open Rapid 2019"]
[Site "Pardubice"]
[Date "2019.07.17"]
[Round "2.32"]
[White "Iro, Christian"]
[Black "Rohan Bharat Joshi"]
[Result "1-0"]
[WhiteElo "2077"]
[BlackElo "1901"]
[Annotator "NA"]
[PlyCount "40"]
[EventDate "2019.07.17"]
[EventType "swiss"]
[EventCountry "CZE"]
[SourceTitle "playchess.com"]
[Source "ChessBase"]
[SourceQuality "1"]

1. e4 c5 2. Nf3 e6 3. d4 cxd4 4. Nxd4 a6 5. Bd3 Nf6 6. O-O Qc7 7. Nc3 Bc5 8. Nb3 Be7 9. Be3 b5 10. f4 d6 11. Qe1 Bb7 12. a3 Nbd7 13. Qg3 h5 14. f5 e5 15. Qf3 h4 16. Na5 Nb6 17. Rad1 Bc8 18. Rfe1 Nc4 19. Nxc4 bxc4 20. Be2 Rb8 1-0

[Event "Czech Open Rapid 2019"]
[Site "Pardubice"]
[Date "2019.07.17"]
[Round "2.33"]
[White "Domogaev, Sergey"]
[Black "Gorbatenko, Alexander"]
[Result "1-0"]
[WhiteElo "2367"]
[BlackElo "2005"]
[Annotator "NA"]
[PlyCount "115"]
[EventDate "2019.07.17"]
[EventType "swiss"]
[EventCountry "CZE"]
[SourceTitle "playchess.com"]
[Source "ChessBase"]
[SourceQuality "1"]

1. d4 Nf6 2. c4 g6 3. Nc3 d5 4. Nf3 Bg7 5. e3 O-O 6. Bd2 b6 7. cxd5 Nxd5 8. Bc4 Bb7 9. O-O e6 10. Rc1 Nxc3 11. Bxc3 Nd7 12. b4 c5 13. dxc5 bxc5 14. Bxg7 Kxg7 15. b5 Nb6 16. Be2 Qe7 17. Qc2 Rfc8 18. Rfd1 a6 19. Qc3+ Kg8 20. Qa5 Nd5 21. bxa6 Bxa6 22. Bxa6 Rc6 23. Ne5 Rcxa6 24. Qxc5 Qxc5 25. Rxc5 Rxa2 26. g3 Ra1 27. Rcc1 Rxc1 28. Rxc1 Ra7 29. g4 Rc7 30. Ra1 f6 31. Nf3 Kg7 32. Ra6 Kf7 33. g5 Re7 34. gxf6 Kxf6 35. Kg2 Nc3 36. Nd4 Ne4 37. h4 h6 38. Kf3 Nd2+ 39. Kg4 Nc4 40. Kg3 Ne5 41. Ra5 Nf7 42. Ra6 Ne5 43. Ne2 g5 44. hxg5+ hxg5 45. Nc3 Kf5 46. Ra5 Kf6 47. Ne4+ Kf5 48. Nxg5 Kxg5 49. Rxe5+ Kf6 50. Ra5 Rb7 51. Ra6 Rb2 52. f3 Rb1 53. Kg4 Rh1 54. e4 Rh2 55. f4 Rg2+ 56. Kf3 Rb2 57. f5 Rb3+ 58. Kf4 1-0

[Event "Czech Open Rapid 2019"]
[Site "Pardubice"]
[Date "2019.07.17"]
[Round "2.34"]
[White "Dixit, Nikhil"]
[Black "Movsesian, Julia"]
[Result "1-0"]
[WhiteElo "1987"]
[BlackElo "2330"]
[Annotator "NA"]
[PlyCount "133"]
[EventDate "2019.07.17"]
[EventType "swiss"]
[EventCountry "CZE"]
[SourceTitle "playchess.com"]
[Source "ChessBase"]
[SourceQuality "1"]

1. e4 e5 2. Nf3 Nc6 3. Nc3 Nf6 4. d4 exd4 5. Nxd4 Bb4 6. Nxc6 bxc6 7. Bd3 d5 8. exd5 cxd5 9. O-O O-O 10. Bg5 c6 11. Qf3 h6 12. Bxf6 Qxf6 13. Qxf6 gxf6 14. Ne2 Rb8 15. b3 Kg7 16. c3 Bd6 17. Ng3 Be6 18. f4 Kh8 19. Nh5 f5 20. Ng3 Rg8 21. Rae1 Rg4 22. Nxf5 Bxf5 23. Bxf5 Rxf4 24. Rxf4 Bxf4 25. Re7 Kg7 26. Bd3 Kf6 27. Re2 Rg8 28. g3 Be5 29. c4 d4 30. Kg2 Ke6 31. Be4 Kd6 32. b4 f6 33. a4 Rb8 34. c5+ Kc7 35. b5 cxb5 36. axb5 Rxb5 37. c6 a5 38. Ra2 Bd6 39. g4 Kb6 40. Rc2 Kc7 41. Ra2 Re5 42. Kf3 Bb4 43. h4 Rc5 44. h5 Rc1 45. Ke2 Bc3 46. Kd3 Re1 47. Bg2 Re3+ 48. Kc4 Rg3 49. Re2 Kd6 50. Bd5 Bb4 51. Re6+ Kc7 52. Rxf6 Kb6 53. Rf7 Bd6 54. Rb7+ Ka6 55. Kxd4 Rxg4+ 56. Kd3 Rg3+ 57. Kd4 Rg4+ 58. Kd3 Rg3+ 59. Kd2 Rg4 60. Bf3 Bb4+ 61. Rxb4 Rxb4 62. c7 Rc4 63. Be2 Kb7 64. Bxc4 Kxc7 65. Ke3 Kd6 66. Kf4 Ke7 67. Kf5 1-0

[Event "Czech Open Rapid 2019"]
[Site "Pardubice"]
[Date "2019.07.17"]
[Round "2.35"]
[White "Dev, Shah"]
[Black "Pacl, Vaclav"]
[Result "1-0"]
[WhiteElo "2147"]
[BlackElo "2059"]
[Annotator "NA"]
[PlyCount "39"]
[EventDate "2019.07.17"]
[EventType "swiss"]
[EventCountry "CZE"]
[SourceTitle "playchess.com"]
[Source "ChessBase"]
[SourceQuality "1"]

1. d4 f5 2. g3 Nf6 3. Bg2 e6 4. c4 Be7 5. Nc3 O-O 6. Qc2 Nc6 7. Nf3 d6 8. a3 e5 9. d5 Nb8 10. Bg5 Qe8 11. Bxf6 Bxf6 12. e4 Qg6 13. Nd2 f4 14. O-O-O Na6 15. Rdg1 Qh6 16. f3 Bd7 17. Bf1 c6 18. Kb1 Nc7 19. Ka2 fxg3 20. Rxg3 1-0

[Event "Czech Open Rapid 2019"]
[Site "Pardubice"]
[Date "2019.07.17"]
[Round "2.36"]
[White "Rytenko, Vsevolod"]
[Black "Chubar, Vladimir"]
[Result "1-0"]
[WhiteElo "2268"]
[BlackElo "1994"]
[Annotator "NA"]
[PlyCount "51"]
[EventDate "2019.07.17"]
[EventType "swiss"]
[EventCountry "CZE"]
[SourceTitle "playchess.com"]
[Source "ChessBase"]
[SourceQuality "1"]

1. d4 e6 2. Nf3 Nf6 3. g3 d5 4. c4 c6 5. Bg2 Bd6 6. O-O Ne4 7. Nfd2 f5 8. f3 Nxd2 9. Bxd2 O-O 10. e4 dxc4 11. Qc2 b5 12. a4 Qb6 13. Be3 e5 14. a5 Qc7 15. dxe5 Bxe5 16. f4 Bd6 17. e5 Bb4 18. Nc3 Bb7 19. b3 Na6 20. bxc4 bxc4 21. Ne2 c3 22. Nxc3 Bxa5 23. Qa2+ Kh8 24. Qxa5 Qxa5 25. Rxa5 Nb4 26. Bc5 1-0

[Event "Czech Open Rapid 2019"]
[Site "Pardubice"]
[Date "2019.07.17"]
[Round "2.36"]
[White "Hagemann, Sven"]
[Black "Voriskova, Anna"]
[Result "1/2-1/2"]
[WhiteElo "2014"]
[BlackElo "1675"]
[Annotator "NA"]
[PlyCount "33"]
[EventDate "2019.07.17"]
[EventType "swiss"]
[EventCountry "CZE"]
[SourceTitle "playchess.com"]
[Source "ChessBase"]
[SourceQuality "1"]

1. e4 c5 2. Nc3 Nc6 3. f4 e6 4. Nf3 g6 5. Bb5 Bg7 6. Bxc6 bxc6 7. O-O Ne7 8. d3 O-O 9. Be3 d6 10. Qe1 Rb8 11. Rb1 f5 12. e5 Nd5 13. Bd2 Nxc3 14. Bxc3 d5 15. Kh1 Ba6 16. Ba5 Qd7 17. Rf2 1/2-1/2

[Event "Czech Open Rapid 2019"]
[Site "Pardubice"]
[Date "2019.07.17"]
[Round "2.37"]
[White "Rosko, Lubos"]
[Black "Flajsman, Pavel"]
[Result "1/2-1/2"]
[WhiteElo "2231"]
[BlackElo "1994"]
[Annotator "NA"]
[PlyCount "136"]
[EventDate "2019.07.17"]
[EventType "swiss"]
[EventCountry "CZE"]
[SourceTitle "playchess.com"]
[Source "ChessBase"]
[SourceQuality "1"]

1. d4 Nf6 2. Bf4 e6 3. e3 c5 4. c3 Nc6 5. Nd2 cxd4 6. exd4 Be7 7. Ngf3 O-O 8. Bd3 d6 9. h3 b6 10. O-O Bb7 11. Qe2 Rc8 12. Rfe1 Qc7 13. Rad1 Nb8 14. Ng5 Qc6 15. Nde4 h6 16. Nxf6+ Bxf6 17. d5 Qa4 18. Ne4 Be5 19. Bxe5 dxe5 20. dxe6 Bxe4 21. exf7+ Rxf7 22. Qxe4 Qxe4 23. Rxe4 Re7 24. Bb5 a6 25. Ba4 b5 26. Bb3+ Kh8 27. Rd6 Rce8 28. Bd5 Rd7 29. Rxd7 Nxd7 30. Bc6 Nf6 31. Bxe8 Nxe4 32. Kf1 Kg8 33. Bc6 Nd6 34. Ke2 Kf7 35. a4 Ke6 36. axb5 axb5 37. Kd3 g6 38. b3 g5 39. g3 h5 40. h4 gxh4 41. gxh4 Nf5 42. Bxb5 Nxh4 43. Ke4 Ng2 44. Bc4+ Kd6 45. Bf1 Nf4 46. b4 h4 47. Kf3 Nd5 48. Kg4 Nxc3 49. Kxh4 Ne4 50. f3 Nd2 51. Be2 Nb1 52. Kg4 Nc3 53. Bc4 Na4 54. Kf5 Nb6 55. Bb3 Nd7 56. Ke4 Nb8 57. Kd3 Nc6 58. Kc4 Nd4 59. Bd1 Nf5 60. Kb5 Ng3 61. Kb6 e4 62. f4 e3 63. b5 e2 64. Bxe2 Nxe2 65. f5 Nd4 66. f6 Nxb5 67. f7 Ke7 68. Kxb5 Kxf7 1/2-1/2

[Event "Czech Open Rapid 2019"]
[Site "Pardubice"]
[Date "2019.07.17"]
[Round "2.38"]
[White "Karsay, Pascal"]
[Black "Mindl, Josef"]
[Result "1-0"]
[WhiteElo "2169"]
[BlackElo "1986"]
[Annotator "NA"]
[PlyCount "51"]
[EventDate "2019.07.17"]
[EventType "swiss"]
[EventCountry "CZE"]
[SourceTitle "playchess.com"]
[Source "ChessBase"]
[SourceQuality "1"]

1. Nf3 f5 2. d3 d6 3. e4 Nf6 4. Nc3 e5 5. g3 Be7 6. Bh3 O-O 7. exf5 Nc6 8. Ng5 Nd4 9. Ne6 Nxe6 10. fxe6 d5 11. Qe2 Qd6 12. f4 e4 13. f5 exd3 14. cxd3 d4 15. Ne4 Qb4+ 16. Nd2 Nd5 17. a3 Qa5 18. O-O Ne3 19. Nc4 Nxc4 20. dxc4 b6 21. Bg2 Rb8 22. b4 Qa4 23. Bf4 Rxf5 24. Bxc7 Rxf1+ 25. Qxf1 Rb7 26. Qf7+ 1-0

[Event "Czech Open Rapid 2019"]
[Site "Pardubice"]
[Date "2019.07.17"]
[Round "2.39"]
[White "Bares, Jachym"]
[Black "Mosesov, Danylo"]
[Result "0-1"]
[WhiteElo "1980"]
[BlackElo "2169"]
[Annotator "NA"]
[PlyCount "56"]
[EventDate "2019.07.17"]
[EventType "swiss"]
[EventCountry "CZE"]
[SourceTitle "playchess.com"]
[Source "ChessBase"]
[SourceQuality "1"]

1. e4 c5 2. Nf3 d6 3. d4 cxd4 4. Nxd4 Nf6 5. Nc3 a6 6. Be3 Ng4 7. Bc1 Nf6 8. Be3 e6 9. g4 e5 10. Nf5 h5 11. g5 Nxe4 12. Nxg7+ Bxg7 13. Nxe4 d5 14. Ng3 d4 15. Bd2 Qd5 16. Rg1 Bg4 17. Be2 Nd7 18. Bxg4 hxg4 19. Qxg4 Rxh2 20. Nf5 Bf8 21. g6 fxg6 22. Qxg6+ Qf7 23. Qg3 Rh5 24. Ng7+ Bxg7 25. Qxg7 Qxg7 26. Rxg7 Rh1+ 27. Ke2 Rxa1 28. Bb4 O-O-O 0-1

[Event "Czech Open Rapid 2019"]
[Site "Pardubice"]
[Date "2019.07.17"]
[Round "2.40"]
[White "Zhuravlev, Stepan"]
[Black "Medvedyk, Volodymyr"]
[Result "1-0"]
[WhiteElo "2169"]
[BlackElo "1981"]
[Annotator "NA"]
[PlyCount "63"]
[EventDate "2019.07.17"]
[EventType "swiss"]
[EventCountry "CZE"]
[SourceTitle "playchess.com"]
[Source "ChessBase"]
[SourceQuality "1"]

1. d4 Nf6 2. c4 g6 3. Nc3 Bg7 4. e4 O-O 5. Be2 d6 6. Bg5 Na6 7. f4 c5 8. d5 h6 9. Bh4 Qa5 10. Qd2 Re8 11. Nf3 e6 12. Bxf6 Bxf6 13. e5 Be7 14. O-O exd5 15. cxd5 Nc7 16. a4 Qb4 17. Bd3 Bg4 18. e6 f5 19. Bb5 Red8 20. Kh1 a6 21. Bd7 Bf6 22. h3 Bxf3 23. Rxf3 c4 24. g4 fxg4 25. hxg4 Qc5 26. Rd1 Bxc3 27. bxc3 b5 28. f5 gxf5 29. Qxh6 fxg4 30. Qg6+ Kh8 31. Qh5+ Kg8 32. Qxg4+ 1-0

[Event "Czech Open Rapid 2019"]
[Site "Pardubice"]
[Date "2019.07.17"]
[Round "2.41"]
[White "Svizensky, Lubos"]
[Black "Freisler, Pavel"]
[Result "0-1"]
[WhiteElo "1957"]
[BlackElo "2168"]
[Annotator "NA"]
[PlyCount "66"]
[EventDate "2019.07.17"]
[EventType "swiss"]
[EventCountry "CZE"]
[SourceTitle "playchess.com"]
[Source "ChessBase"]
[SourceQuality "1"]

1. d4 Nf6 2. c4 e6 3. Nf3 b6 4. g3 Bb7 5. Bg2 Bb4+ 6. Bd2 a5 7. O-O O-O 8. a3 Bxd2 9. Qxd2 d6 10. Nc3 Nbd7 11. b4 Ne4 12. Qc2 Ndf6 13. Nd2 Nxc3 14. Qxc3 Bxg2 15. Kxg2 Qe7 16. e4 c5 17. bxc5 bxc5 18. d5 exd5 19. exd5 Rfe8 20. Nf3 h6 21. Rfe1 Qd7 22. Rxe8+ Qxe8 23. Rb1 Qe4 24. Rb6 Qg4 25. h3 Qf5 26. a4 Re8 27. Qb2 Qd3 28. Qb3 Qxb3 29. Rxb3 Re2 30. Nh4 Ra2 31. Nf5 Ne4 32. Kf3 Nd2+ 33. Kg2 Nxb3 0-1

[Event "Czech Open Rapid 2019"]
[Site "Pardubice"]
[Date "2019.07.17"]
[Round "2.42"]
[White "Slovak, Kilian"]
[Black "Jires, Jiri"]
[Result "1-0"]
[WhiteElo "2163"]
[BlackElo "1957"]
[Annotator "NA"]
[PlyCount "97"]
[EventDate "2019.07.17"]
[EventType "swiss"]
[EventCountry "CZE"]
[SourceTitle "playchess.com"]
[Source "ChessBase"]
[SourceQuality "1"]

1. e4 e5 2. Nf3 Nc6 3. Bb5 a6 4. Ba4 Nf6 5. O-O Be7 6. Re1 b5 7. Bb3 d6 8. c3 O-O 9. h3 Nb8 10. d3 Nbd7 11. Nbd2 Bb7 12. Nf1 h6 13. Ne3 Re8 14. Nf5 Bf8 15. Nh2 d5 16. exd5 Nxd5 17. Qg4 Kh8 18. Bc2 N5f6 19. Qh4 Nh7 20. Qg3 Re6 21. Ng4 Qe8 22. Be3 h5 23. Bb3 Rg6 24. Nh4 hxg4 25. Nxg6+ fxg6 26. hxg4 g5 27. d4 Bd6 28. Qh3 Qg6 29. Re2 Qh6 30. Qxh6 gxh6 31. dxe5 Bxe5 32. Rd1 Nhf6 33. f3 c5 34. Be6 Bc6 35. Bxd7 Nxd7 36. Bxc5 Bxc3 37. Bf2 Bg7 38. Rc2 Ne5 39. Bg3 Nc4 40. Rdc1 Be8 41. b3 Nb6 42. Bf2 Nd7 43. Rc8 Rxc8 44. Rxc8 Nf6 45. Bd4 Kh7 46. Bxf6 Bxf6 47. Rxe8 Kg6 48. Ra8 Bd4+ 49. Kf1 1-0

[Event "Czech Open Rapid 2019"]
[Site "Pardubice"]
[Date "2019.07.17"]
[Round "3.1"]
[White "Movsesian, Sergei"]
[Black "Pechac, Jergus"]
[Result "1-0"]
[WhiteElo "2659"]
[BlackElo "2395"]
[Annotator "TA"]
[PlyCount "47"]
[EventDate "2019.07.17"]
[EventType "swiss"]
[EventCountry "CZE"]
[SourceTitle "playchess.com"]
[Source "ChessBase"]
[SourceQuality "1"]

1. e4 e5 2. Nf3 Nc6 3. Bc4 Nf6 4. d3 Bc5 5. O-O d6 6. c3 a6 7. a4 h6 8. Nbd2 O-O 9. Bb3 Re8 10. Re1 a5 11. Nf1 Ne7 12. Nh4 Bg4 13. Qc2 g5 14. h3 gxh4 15. hxg4 Nxg4 16. d4 exd4 17. Qd1 Qd7 18. cxd4 Bb4 19. Ne3 h5 20. Rf1 Ng6 21. Qf3 c5 22. Nd5 cxd4 23. Nb6 Qe7 24. Qf5 1-0

[Event "Czech Open Rapid 2019"]
[Site "Pardubice"]
[Date "2019.07.17"]
[Round "3.2"]
[White "Panesso Rivera, Henry"]
[Black "Chudinovskikh, Alexander M"]
[Result "1-0"]
[WhiteElo "2380"]
[BlackElo "2152"]
[Annotator "NA"]
[PlyCount "119"]
[EventDate "2019.07.17"]
[EventType "swiss"]
[EventCountry "CZE"]
[SourceTitle "playchess.com"]
[Source "ChessBase"]
[SourceQuality "1"]

1. Nf3 Nf6 2. c4 c5 3. g3 g6 4. b3 Bg7 5. Bb2 O-O 6. Bg2 Nc6 7. O-O d6 8. d4 cxd4 9. Nxd4 Bd7 10. Nc3 Nxd4 11. Qxd4 Bc6 12. Nd5 Bxd5 13. cxd5 Nh5 14. Qd2 Bxb2 15. Qxb2 Rc8 16. Bh3 Rc5 17. e4 Qb6 18. Rac1 Nf6 19. Rxc5 Qxc5 20. Rc1 Qb4 21. f3 a5 22. Kg2 h5 23. Rc4 Qb6 24. Qf2 Qb5 25. Qd4 Re8 26. Qc3 Qb6 27. Ra4 Ra8 28. Rc4 Kg7 29. Rc7 Kf8 30. a4 Qa6 31. Qc4 Qb6 32. Qc3 Qa6 33. Qc2 Qb6 34. Bc8 Rb8 35. h4 Ne8 36. Rc4 Qe3 37. Bd7 Nf6 38. Bb5 Kg7 39. Rc3 Qd4 40. Rc7 Qe5 41. Qc3 Qxc3 42. Rxc3 Kf8 43. Kf2 b6 44. Rc7 Ne8 45. Ra7 f6 46. Bd7 g5 47. Ke3 Kf7 48. Kd4 Ng7 49. Kc4 gxh4 50. gxh4 f5 51. exf5 Kf6 52. Kb5 Ke5 53. Kc6 Kf4 54. Be6 Ne8 55. Rxe7 Kg3 56. Rxe8 Rxe8 57. f6 Kxh4 58. f7 Rh8 59. Kxd6 Kg5 60. Ke7 1-0

[Event "Czech Open Rapid 2019"]
[Site "Pardubice"]
[Date "2019.07.17"]
[Round "3.2"]
[White "Zpevak, Pavel"]
[Black "Potapov, Pavel"]
[Result "0-1"]
[WhiteElo "2343"]
[BlackElo "2485"]
[Annotator "ChessBase"]
[PlyCount "88"]
[EventDate "2019.07.17"]
[EventType "swiss"]
[EventCountry "CZE"]
[SourceTitle "playchess.com"]
[Source "ChessBase"]
[SourceQuality "1"]

1. d4 f5 2. Nf3 Nf6 3. Bf4 g6 4. e3 Bg7 5. c4 d6 6. Nc3 O-O 7. Be2 Nc6 8. h3 Ne4 9. O-O Nxc3 10. bxc3 e5 11. Bh2 Kh8 12. Rb1 b6 13. c5 e4 14. Nd2 dxc5 15. Nb3 cxd4 16. cxd4 Bb7 17. Bc4 Nb4 18. Qd2 a5 19. Rfc1 c6 20. a3 Nd5 21. Nc5 bxc5 22. Rxb7 cxd4 23. Rxg7 Kxg7 24. Qxd4+ Nf6 25. Qc3 Re8 26. Rb1 Qe7 27. Rb6 Qc5 28. Rb7+ Re7 29. Be5 Rxb7 30. Bxf6+ Kh6 31. h4 Rb1+ 32. Kh2 Qd6+ 33. Be5 Rc1 34. Qb2 Rc2 35. Qa1 Rc1 36. Qb2 Rb1 37. Qc3 Rc1 38. Qb2 Rb1 39. Qc3 Rc1 40. Qb2 Rb8 41. Bxd6 Rxb2 42. Bf8+ Kh5 43. Be6 Rxf2 44. Kh3 Rg1 0-1

[Event "Czech Open Rapid 2019"]
[Site "Pardubice"]
[Date "2019.07.17"]
[Round "3.3"]
[White "Burdalev, Kirill"]
[Black "Geller, Jakov"]
[Result "1/2-1/2"]
[WhiteElo "2385"]
[BlackElo "2525"]
[Annotator "ChessBase"]
[PlyCount "97"]
[EventDate "2019.07.17"]
[EventType "swiss"]
[EventCountry "CZE"]
[SourceTitle "playchess.com"]
[Source "ChessBase"]
[SourceQuality "1"]

1. d4 d5 2. Bf4 Nf6 3. e3 e6 4. Nd2 Bd6 5. Bg3 c5 6. Ngf3 Qc7 7. dxc5 Bxg3 8. hxg3 Qxc5 9. c4 Nc6 10. cxd5 Nxd5 11. Rc1 Qa5 12. Bc4 Nf6 13. O-O O-O 14. Qe2 Qh5 15. Nh2 Qe5 16. Ndf3 Qa5 17. Rfd1 e5 18. e4 h6 19. Bd5 Re8 20. Rxc6 bxc6 21. Bxc6 Ba6 22. Qe1 Qc7 23. Bxa8 Rxa8 24. Rc1 Qd6 25. Nd2 Rd8 26. Nhf3 Qb4 27. b3 Qa5 28. a4 Rd3 29. Rb1 Qb4 30. Nc4 Qxe1+ 31. Nxe1 Bxc4 32. Nxd3 Bxd3 33. Rd1 Bxe4 34. Rd8+ Kh7 35. b4 Kg6 36. b5 Kf5 37. a5 Ke6 38. f3 Bd5 39. b6 axb6 40. a6 Ke7 41. Rb8 Ne8 42. a7 Nc7 43. Rxb6 e4 44. Kf2 exf3 45. gxf3 Ba8 46. g4 g6 47. Rb8 Bd5 48. Kg3 Kd7 49. Kf2 1/2-1/2

[Event "Czech Open Rapid 2019"]
[Site "Pardubice"]
[Date "2019.07.17"]
[Round "3.3"]
[White "Rakshitta Ravi"]
[Black "Retinsky, Vladimir"]
[Result "1-0"]
[WhiteElo "2112"]
[BlackElo "2343"]
[Annotator "NA"]
[PlyCount "47"]
[EventDate "2019.07.17"]
[EventType "swiss"]
[EventCountry "CZE"]
[SourceTitle "playchess.com"]
[Source "ChessBase"]
[SourceQuality "1"]

1. e4 c5 2. Nc3 Nc6 3. Bb5 g6 4. Bxc6 dxc6 5. d3 Bg7 6. Be3 b6 7. f4 Nf6 8. Nf3 Ng4 9. Bg1 Qc7 10. h3 Nf6 11. Be3 Nh5 12. Qd2 Ng3 13. Rg1 Bd7 14. f5 Nh5 15. g4 Nf6 16. Bf4 Qb7 17. Ne5 b5 18. O-O-O a5 19. d4 b4 20. Na4 Nxe4 21. Qe2 Qb5 22. Qxe4 Qxa4 23. Nxd7 cxd4 24. Nb6 1-0

[Event "Czech Open Rapid 2019"]
[Site "Pardubice"]
[Date "2019.07.17"]
[Round "3.4"]
[White "Stocek, Jiri"]
[Black "Vykouk, Jan"]
[Result "0-1"]
[WhiteElo "2556"]
[BlackElo "2453"]
[Annotator "ChessBase"]
[PlyCount "140"]
[EventDate "2019.07.17"]
[EventType "swiss"]
[EventCountry "CZE"]
[SourceTitle "playchess.com"]
[Source "ChessBase"]
[SourceQuality "1"]

1. d4 Nf6 2. c4 g6 3. Nc3 Bg7 4. e4 d6 5. Be2 O-O 6. Be3 c6 7. Nf3 a6 8. a4 a5 9. O-O Na6 10. h3 Nd7 11. Qd2 e5 12. Rad1 Qe7 13. Bg5 f6 14. Bh6 Bxh6 15. Qxh6 Qg7 16. Qe3 Re8 17. Rfe1 Nf8 18. Qd2 Nb4 19. Qc1 g5 20. c5 exd4 21. Nb1 dxc5 22. Qxc5 Ne6 23. Bc4 d3 24. Qb6 Kh8 25. Bxd3 g4 26. hxg4 Nf4 27. Bf1 Bxg4 28. Nbd2 Nc2 29. g3 Nxe1 30. Rxe1 Nh3+ 31. Bxh3 Bxh3 32. Nc4 Qg4 33. Nfd2 Qd7 34. Qe3 Rad8 35. Qh6 Qe6 36. Nxa5 b6 37. Nac4 b5 38. axb5 cxb5 39. Na3 f5 40. Qxh3 Rxd2 41. Nxb5 fxe4 42. Qxe6 Rxe6 43. Nc3 e3 44. Rxe3 Rxe3 45. fxe3 Rxb2 46. Nd5 Kg7 47. Nf4 Kf6 48. Nh3 Re2 49. Nf2 Ke6 50. e4 Ke5 51. Kg2 Kd4 52. Kf3 Ra2 53. Ng4 Ra8 54. Nh6 Ra6 55. Ng4 h5 56. Nf2 Rf6+ 57. Kg2 Ke3 58. Nh3 Kxe4 59. Nf4 h4 60. Nh5 Rf5 61. g4 Rf3 62. Kh2 Ra3 63. Kg2 Ke5 64. Kh2 Ke6 65. Nf4+ Kf6 66. Nh3 Ra2+ 67. Kg1 Ke5 68. g5 Kf5 69. Kf1 Kg4 70. Nf2+ Kf3 0-1

[Event "Czech Open Rapid 2019"]
[Site "Pardubice"]
[Date "2019.07.17"]
[Round "3.4"]
[White "Zdrazil, Jan"]
[Black "Lalic, Bogdan"]
[Result "0-1"]
[WhiteElo "1967"]
[BlackElo "2411"]
[Annotator "NA"]
[PlyCount "22"]
[EventDate "2019.07.17"]
[EventType "swiss"]
[EventCountry "CZE"]
[SourceTitle "playchess.com"]
[Source "ChessBase"]
[SourceQuality "1"]

1. e4 c5 2. Nf3 Nc6 3. d4 cxd4 4. Nxd4 Qb6 5. Nb3 Nf6 6. Bd3 e6 7. Nc3 a6 8. Bg5 Be7 9. Qe2 Qc7 10. O-O-O h6 11. Bh4 Qf4+ 0-1

[Event "Czech Open Rapid 2019"]
[Site "Pardubice"]
[Date "2019.07.17"]
[Round "3.5"]
[White "Vorobiov, Evgeny E."]
[Black "Slovak, Kilian"]
[Result "1-0"]
[WhiteElo "2578"]
[BlackElo "2242"]
[Annotator "ChessBase"]
[PlyCount "127"]
[EventDate "2019.07.17"]
[EventType "swiss"]
[EventCountry "CZE"]
[SourceTitle "playchess.com"]
[Source "ChessBase"]
[SourceQuality "1"]

1. d4 Nf6 2. c4 g6 3. Nc3 Bg7 4. e4 O-O 5. Be2 d6 6. Be3 e5 7. d5 a5 8. g4 Na6 9. h4 c6 10. h5 cxd5 11. cxd5 Bd7 12. g5 Ne8 13. Nf3 Nec7 14. Bb6 Nc5 15. Nd2 Qc8 16. Nc4 Ne8 17. hxg6 fxg6 18. Nxa5 Rf4 19. f3 Bf8 20. Rc1 Qb8 21. b4 Na6 22. a3 Be7 23. Rg1 Bd8 24. Bxd8 Qxd8 25. Qd3 Qb8 26. Qe3 Nc5 27. Nc4 Nb3 28. Rd1 Qd8 29. Kf2 Nd4 30. Rxd4 exd4 31. Qxf4 dxc3 32. Qe3 b5 33. Na5 Rc8 34. Rc1 h6 35. Nc6 Bxc6 36. dxc6 Rxc6 37. Bxb5 Rc8 38. Bxe8 Qxe8 39. Rxc3 Rxc3 40. Qxc3 hxg5 41. Qc4+ Kh7 42. Qc7+ Kh6 43. Qxd6 Qa4 44. Qd3 Qa7+ 45. Kg2 Qf7 46. Qc3 Kh7 47. Qb2 Qf4 48. Qe2 Qc1 49. e5 Kg7 50. e6 Kf8 51. Qd3 Qb2+ 52. Kh3 Qf6 53. Qd6+ Kg8 54. Qb8+ Kh7 55. Qb7+ Kh6 56. Qe4 Qa1 57. Kg2 Qb2+ 58. Kf1 Qc1+ 59. Kf2 Qd2+ 60. Qe2 Qd4+ 61. Qe3 Qb2+ 62. Kg3 Qc2 63. e7 Qc7+ 64. f4 1-0